000
00255nam a22001097a 4500
082
_a
641.5 VEE'I
100
_a
VEERASAWMY, E. P
_9
76061
245
_a
INDIAN COOKERY FOR USE IN ALL COUNTRY
260
_a
BOMBAY
_b
JAICO
_c
1977
300
_a
216P
942
_c
BK
999
_c
581470
_d
581470